Dove giocava nel 2010-2011? - Quiz n°6 - Statistics

Statistiche generali
  • Questo quiz è stato fatto 30 volte
  • Il punteggio medio è 7 su 10
Statistiche sulle risposte
Hint Risposta % Corretto
Karim Benzema Real Madrid
88%
Javi Martínez Athletic Bilbao
81%
Dario Dainelli Genoa
77%
Jamie Vardy Halifax Town
73%
Pedro Obiang Sampdoria
69%
Anderson Manchester United
65%
Bartosz Bereszyński Lech Poznań
62%
Faouzi Ghoulam Saint-Étienne
54%
Hatem Ben Arfa Newcastle Utd
46%
Juan Mata Valencia
38%
Nessun quiz corrispondente trovato
Distribuzione punteggi
Percentuale di utenti per punteggio
Percentile per numero di risposta
I tuoi punteggi nel tempo
Non hai fatto questo quiz